Pokémon - Les attaques de Manternel - Statistiques

Statistiques générales
  • Ce quiz a été pris 17 fois
  • Le résultat moyen est 9 sur 14
Statistiques - réponses
Niveaux Types Noms des attaques % Correct
Départ Normal Charge
92%
Départ Insecte Sécrétion
92%
Niveau 50 Plante Tempête Verte
92%
Départ Plante Tranch'Herbe
92%
Départ Insecte Piqûre
85%
Niveau 39 Insecte Plaie-Croix
85%
Niveau 22 Insecte Survinsecte
85%
Niveau 36 Plante Lame-Feuille
77%
Évolution Normal Tranche
69%
Niveau 46 Normal Danse-Lames
62%
Niveau 29 Insecte Dard Mortel
31%
Niveau 43 Normal Ten-danse
31%
Niveau 32 Normal Coup d'Main
15%
Départ Normal Faux-Chage
15%
Aucun quiz correspondant
Distribution des résultats
% des personnes avec chaque résultat
Percentile par nombre de réponses
Votre historique - résultats
Vous n’avez pas pris ce quiz